[Event "Catalunya-chT GpB final"]
[Site "Barcelona"]
[Date "2015.04.11"]
[Round "10.4"]
[White "Armengol Comas, Joaquim"]
[Black "Gonzalez Rodriguez, Raul Omar"]
[Result "0-1"]
[WhiteElo "2212"]
[BlackElo "2274"]
[PlyCount "106"]
[EventDate "2015.03.14"]
[EventType "team-tourn"]
[EventRounds "11"]
[EventCountry "ESP"]
[SourceTitle "EXT 2016"]
[Source "ChessBase"]
[SourceDate "2015.10.08"]
[SourceVersion "1"]
[SourceVersionDate "2015.10.08"]
[SourceQuality "1"]
[WhiteTeam "Terrassa"]
[BlackTeam "Montcada"]
[WhiteTeamCountry "ESP"]
[BlackTeamCountry "ESP"]

1. e4 c5 2. d3 e6 3. g3 Nc6 4. Bg2 Nf6 5. Nf3 d6 6. 0-0 Be7 7. Re1 0-0 8. c3 Bd7 9. Na3 a6 10. Nc2 Rc8 11. d4 cxd4 12. Nfxd4 Qc7 13. f4 Rfd8 14. Bd2 Bf8 15. Kh1 d5 16. e5 Ne4 17. Be3 Ne7 18. a4 Nf5 19. Nxf5 exf5 20. a5 Be6 21. Nd4 Bc5 22. Qb3 Qe7 23. Rad1 g6 24. Bxe4 fxe4 25. Nxe6 fxe6 26. Bxc5 Rxc5 27. Qb4 Rdc8 28. Rd4 Qc7 29. Ra1 Rb5 30. Qa3 Qc5 31. Qa2 Qe7 32. h4 Qf7 33. Kg2 Qf5 34. Rf1 e3 35. Kf3 Qc2 36. Qb1 e2 37. Re1 Rxc3+ 38. Kf2 Rxb2 39. Qxc2 Rcxc2 40. Rd3 Kf7 41. Re3 Rc5 42. R1xe2 Rxe2+ 43. Kxe2 Rxa5 44. Rc3 Rb5 45. Rc7+ Kg8 46. Kf3 h6 47. Kg4 d4 48. Rd7 Rd5 49. Rxb7 d3 50. Rb1 d2 51. Rd1 a5 52. Kf3 a4 53. Ke2 a3 0-1

[Event "Catalunya-chT"]
[Site "Catalunya"]
[Date "2012.04.14"]
[Round "10.7"]
[White "Armengol Comas, Joaquim"]
[Black "Martinez Lopez, Ivan"]
[Result "1/2-1/2"]
[WhiteElo "2212"]
[BlackElo "2299"]
[PlyCount "88"]
[EventDate "2012.01.28"]
[EventType "team-tourn"]
[EventRounds "11"]
[EventCountry "ESP"]
[SourceTitle "EXT 2013"]
[Source "ChessBase"]
[SourceDate "2012.11.22"]
[SourceVersion "1"]
[SourceVersionDate "2012.11.22"]
[SourceQuality "1"]
[WhiteTeam "Terrassa"]
[BlackTeam "Lleida"]
[WhiteTeamCountry "ESP"]
[BlackTeamCountry "ESP"]

1. g3 g6 2. Bg2 Bg7 3. e4 c5 4. f4 Nc6 5. Nf3 d6 6. 0-0 Bg4 7. h3 Bxf3 8. Qxf3 Nd4 9. Qd1 e6 10. d3 Ne7 11. c3 Ndc6 12. Be3 0-0 13. Na3 Rc8 14. Nc2 Qb6 15. Rb1 d5 16. e5 d4 17. Bf2 Rfd8 18. c4 Qa6 19. b4 b5 20. a4 bxc4 21. b5 Qxa4 22. bxc6 Nxc6 23. Ra1 Qb3 24. dxc4 Qxc4 25. Bxc6 Rxc6 26. Rxa7 h5 27. Na3 Qd5 28. Qa4 Bf8 29. Nc4 h4 30. g4 Rb8 31. Na5 Rcb6 32. Qd7 Qxd7 33. Rxd7 Ra8 34. Nc4 Rb3 35. Rc1 Ra2 36. Nd6 Rf3 37. Bxh4 Rxh3 38. Be1 Rah2 39. Ne4 Rh1+ 40. Kf2 R1h2+ 41. Kf1 Rh1+ 42. Kf2 R1h2+ 43. Kf1 Rh1+ 44. Kf2 R1h2+ 1/2-1/2

[Event "Catalunya-chT"]
[Site "Catalunya"]
[Date "2012.03.10"]
[Round "7.5"]
[White "Sanchez Ibern, Marc"]
[Black "Armengol Comas, Joaquim"]
[Result "1-0"]
[WhiteElo "2368"]
[BlackElo "2212"]
[PlyCount "101"]
[EventDate "2012.01.28"]
[EventType "team-tourn"]
[EventRounds "11"]
[EventCountry "ESP"]
[SourceTitle "EXT 2013"]
[Source "ChessBase"]
[SourceDate "2012.11.22"]
[SourceVersion "1"]
[SourceVersionDate "2012.11.22"]
[SourceQuality "1"]
[WhiteTeam "Foment Martinenc"]
[BlackTeam "Terrassa"]
[WhiteTeamCountry "ESP"]
[BlackTeamCountry "ESP"]

1. e4 c5 2. Nc3 Nc6 3. Nge2 e6 4. d4 cxd4 5. Nxd4 Nf6 6. g3 Bc5 7. Nb3 Bb4 8. Bg2 d5 9. Bd2 0-0 10. exd5 exd5 11. Ne2 Bxd2+ 12. Qxd2 Ne4 13. Qc1 Re8 14. 0-0 Qb6 15. Nf4 Be6 16. Nd3 Rad8 17. Re1 f5 18. Qe3 Qxe3 19. Rxe3 d4 20. Ree1 Bc8 21. Re2 Kf8 22. Rae1 Nf6 23. Rxe8+ Nxe8 24. Bxc6 bxc6 25. Ndc5 Nc7 26. Rd1 Rd5 27. Rxd4 Be6 28. Rxd5 Bxd5 29. Nd4 Bxa2 30. b3 Bb1 31. c4 Ke7 32. f3 Kd6 33. Nb7+ Kd7 34. Kf2 Na6 35. Na5 Nb4 36. Ke3 c5 37. Nb5 a6 38. Nc3 Ba2 39. Na4 Kc7 40. Kd2 Nc6 41. Nxc6 Bxb3 42. Nxc5 Bxc4 43. Nd4 Kd6 44. Nb7+ Ke5 45. Ke3 g5 46. f4+ gxf4+ 47. gxf4+ Kf6 48. Nxf5 Bd5 49. Nfd6 Ke6 50. Ne4 Ke7 51. Kd4 1-0

[Event "Catalunya-chT"]
[Site "Catalunya"]
[Date "2012.02.18"]
[Round "4.6"]
[White "Armengol Comas, Joaquim"]
[Black "Perez Manas, Benjamin"]
[Result "1-0"]
[WhiteElo "2212"]
[BlackElo "2235"]
[PlyCount "63"]
[EventDate "2012.01.28"]
[EventType "team-tourn"]
[EventRounds "11"]
[EventCountry "ESP"]
[SourceTitle "EXT 2013"]
[Source "ChessBase"]
[SourceDate "2012.11.22"]
[SourceVersion "1"]
[SourceVersionDate "2012.11.22"]
[SourceQuality "1"]
[WhiteTeam "Terrassa"]
[BlackTeam "Barbera"]
[WhiteTeamCountry "ESP"]
[BlackTeamCountry "ESP"]

1. e4 c6 2. d4 d5 3. exd5 cxd5 4. Bd3 Nc6 5. c3 Nf6 6. Bf4 Bg4 7. Qb3 Qc8 8. Nd2 e6 9. Ngf3 Be7 10. Ne5 Nxe5 11. Bxe5 0-0 12. Qc2 Bf5 13. Bxf5 exf5 14. 0-0 Qd7 15. Rfe1 Rac8 16. Re2 g6 17. Rae1 Ne4 18. Nb3 Rc6 19. f3 Ng5 20. Nc1 Ne6 21. Qa4 Bh4 22. Bg3 Bxg3 23. hxg3 Qd6 24. Kf2 h5 25. Nd3 Kg7 26. Re5 Nc7 27. Qb4 Rd8 28. Qxd6 Rcxd6 29. Re7 Rc8 30. Ne5 Rf6 31. Rd7 Kf8 32. Nd3 1-0

[Event "Catalunya-chT"]
[Site "Catalunya"]
[Date "2012.01.28"]
[Round "1.7"]
[White "Armengol Comas, Joaquim"]
[Black "Borras Duran, Pere"]
[Result "1/2-1/2"]
[WhiteElo "2212"]
[BlackElo "2180"]
[PlyCount "37"]
[EventDate "2012.01.28"]
[EventType "team-tourn"]
[EventRounds "11"]
[EventCountry "ESP"]
[SourceTitle "EXT 2013"]
[Source "ChessBase"]
[SourceDate "2012.11.22"]
[SourceVersion "1"]
[SourceVersionDate "2012.11.22"]
[SourceQuality "1"]
[WhiteTeam "Terrassa"]
[BlackTeam "Badalona Sant Josep"]
[WhiteTeamCountry "ESP"]
[BlackTeamCountry "ESP"]

1. e4 g6 2. d4 Bg7 3. Nc3 d6 4. g3 Nd7 5. Bg2 e5 6. Nge2 Ne7 7. Be3 0-0 8. h4 exd4 9. Bxd4 Ne5 10. f4 Ng4 11. Bxg7 Kxg7 12. Qd4+ Kg8 13. 0-0-0 Nc6 14. Qg1 h5 15. e5 Bf5 16. Nd4 Nxd4 17. Rxd4 Qe7 18. Nd5 Qe6 19. exd6 1/2-1/2

[Event "Catalunya-chT"]
[Site "Barcelona"]
[Date "2011.04.09"]
[Round "11.6"]
[White "Armengol Comas, Joaquim"]
[Black "Vehi Bach, Victor Manuel"]
[Result "0-1"]
[WhiteElo "2207"]
[BlackElo "2408"]
[PlyCount "78"]
[EventDate "2011.01.29"]
[EventType "team-tourn"]
[EventRounds "11"]
[EventCountry "ESP"]
[SourceTitle "EXT 2012"]
[Source "ChessBase"]
[SourceDate "2011.11.24"]
[SourceVersion "1"]
[SourceVersionDate "2011.11.24"]
[SourceQuality "1"]
[WhiteTeam "Terrassa"]
[BlackTeam "Barcelona Escola Escacs"]
[WhiteTeamCountry "ESP"]
[BlackTeamCountry "ESP"]

1. e4 c5 2. Nf3 e6 3. d3 Nc6 4. g3 d5 5. Nbd2 b6 6. Bg2 dxe4 7. dxe4 Ba6 8. c4 Qc7 9. 0-0 0-0-0 10. Qa4 Bb7 11. a3 Nf6 12. b4 cxb4 13. Bb2 Rg8 14. Rac1 Nd7 15. Nb3 Nc5 16. Nxc5 Bxc5 17. axb4 Bxb4 18. Ba3 a5 19. c5 b5 20. Qb3 Bxa3 21. Qxa3 Ba6 22. Qa1 b4 23. Rfd1 Rxd1+ 24. Rxd1 Rd8 25. Rc1 e5 26. Qa4 Qb7 27. h4 Bb5 28. Qa1 Qe7 29. Bf1 Bxf1 30. Kxf1 Rd3 31. Ne1 Ra3 32. Qb1 Qe6 33. Kg1 Nd4 34. Rd1 Ne2+ 35. Kg2 Nc3 36. Qd3 Nxd1 37. Qxd1 Rc3 38. Qa4 Rxc5 39. Nd3 Rc3 0-1

[Event "Catalunya-chT"]
[Site "Barcelona"]
[Date "2011.04.02"]
[Round "10.8"]
[White "Rivas Garcia, Victor"]
[Black "Armengol Comas, Joaquim"]
[Result "1-0"]
[WhiteElo "2247"]
[BlackElo "2207"]
[PlyCount "105"]
[EventDate "2011.01.29"]
[EventType "team-tourn"]
[EventRounds "11"]
[EventCountry "ESP"]
[SourceTitle "EXT 2012"]
[Source "ChessBase"]
[SourceDate "2011.11.24"]
[SourceVersion "1"]
[SourceVersionDate "2011.11.24"]
[SourceQuality "1"]
[WhiteTeam "Barbera"]
[BlackTeam "Terrassa"]
[WhiteTeamCountry "ESP"]
[BlackTeamCountry "ESP"]

1. e4 c5 2. Nf3 Nf6 3. e5 Nd5 4. c3 Nc6 5. Bc4 Nb6 6. Bb3 c4 7. Bc2 d6 8. exd6 Qxd6 9. 0-0 Bg4 10. Re1 0-0-0 11. b3 Ne5 12. Rxe5 Bxf3 13. Qe1 Bd5 14. Na3 f6 15. Re3 e5 16. d3 cxd3 17. Rxd3 Qc6 18. c4 Bxa3 19. cxd5 Qd6 20. Be3 Kb8 21. Rad1 Rd7 22. Qa5 Rc8 23. Bxb6 axb6 24. Qd2 Bb2 25. Rh3 g6 26. Bxg6 hxg6 27. Qxb2 Qc5 28. Rhd3 Qc2 29. Qxc2 Rxc2 30. a4 e4 31. Rd4 f5 32. g3 Rd6 33. Rc4 Rb2 34. Rc3 Ka7 35. f3 exf3 36. Rxf3 Ka6 37. Re3 Ka5 38. Re6 Rxe6 39. dxe6 Re2 40. Rd5+ Ka6 41. Rd6 Ka7 42. Kf1 Re4 43. Kf2 Kb8 44. Rxb6 Kc7 45. a5 Re5 46. b4 g5 47. Kf3 Re4 48. Rb5 g4+ 49. Kf2 Kc6 50. Rxf5 Rxb4 51. Re5 Rb2+ 52. Ke3 Rxh2 53. e7 1-0

[Event "Catalunya-chT"]
[Site "Barcelona"]
[Date "2011.03.12"]
[Round "7.8"]
[White "Armengol Comas, Joaquim"]
[Black "Pueyo Burrel, David"]
[Result "1/2-1/2"]
[WhiteElo "2207"]
[BlackElo "2156"]
[PlyCount "107"]
[EventDate "2011.01.29"]
[EventType "team-tourn"]
[EventRounds "11"]
[EventCountry "ESP"]
[SourceTitle "EXT 2012"]
[Source "ChessBase"]
[SourceDate "2011.11.24"]
[SourceVersion "1"]
[SourceVersionDate "2011.11.24"]
[SourceQuality "1"]
[WhiteTeam "Terrassa"]
[BlackTeam "San Andreu"]
[WhiteTeamCountry "ESP"]
[BlackTeamCountry "ESP"]

1. e4 g6 2. d4 Bg7 3. Nc3 c6 4. Nge2 d5 5. e5 f6 6. f4 Nh6 7. Ng3 0-0 8. Be2 fxe5 9. dxe5 e6 10. 0-0 a6 11. Na4 b6 12. b4 Nd7 13. c4 b5 14. cxb5 cxb5 15. Nb2 Bb7 16. Be3 Qe7 17. Qd2 Rfc8 18. Rfc1 Nf7 19. Nh1 g5 20. g3 Nh6 21. Nd3 Nf5 22. Bf2 Bh6 23. g4 gxf4 24. Bf3 Nh4 25. Bxh4 Qxh4 26. Nhf2 Qg5 27. Nh3 Qh4 28. Qg2 Bg7 29. Re1 Rc4 30. g5 Rac8 31. Nhf2 Rc2 32. Bg4 Nf8 33. Bh3 R8c3 34. Qg4 Qxg4+ 35. Bxg4 Rc4 36. Nc5 Bc8 37. Nfd3 Kf7 38. a4 bxa4 39. Rxa4 Rd2 40. Re2 Rxe2 41. Bxe2 Ng6 42. Bh5 Rd4 43. Kf2 Ke7 44. Bxg6 hxg6 45. Kf3 Kf7 46. h4 Bf8 47. Ra3 Bxc5 48. bxc5 Rc4 49. Nxf4 Rxc5 50. Rb3 Rc7 51. Rb6 a5 52. Rb8 a4 53. Ra8 Bd7 54. Kg4 1/2-1/2

[Event "Catalunya-chT"]
[Site "Barcelona"]
[Date "2011.02.12"]
[Round "3"]
[White "Ayas Fernandez, Antonio"]
[Black "Armengol Comas, Joaquim"]
[Result "1-0"]
[WhiteElo "2343"]
[BlackElo "2207"]
[PlyCount "103"]
[EventDate "2011.01.29"]
[EventType "team-tourn"]
[EventRounds "11"]
[EventCountry "ESP"]
[SourceTitle "EXT 2012"]
[Source "ChessBase"]
[SourceDate "2011.11.24"]
[SourceVersion "1"]
[SourceVersionDate "2011.11.24"]
[SourceQuality "1"]
[WhiteTeam "Colon Sabadell"]
[BlackTeam "Terrassa"]
[WhiteTeamCountry "ESP"]
[BlackTeamCountry "ESP"]

1. e4 c5 2. Nf3 Nc6 3. Bb5 e6 4. 0-0 Nge7 5. c3 a6 6. Ba4 b5 7. Bb3 d5 8. e5 d4 9. cxd4 Nxd4 10. Nxd4 Qxd4 11. d3 Bb7 12. a4 b4 13. Nd2 Qxe5 14. Nc4 Qc7 15. Qg4 Ng6 16. h4 h5 17. Qg3 0-0-0 18. Be3 Be7 19. Rac1 Rxd3 20. Bc2 Qxg3 21. fxg3 Rxe3 22. Nxe3 Ne5 23. b3 Rd8 24. Rfd1 f5 25. Rxd8+ Kxd8 26. Bd1 g6 27. Be2 Bd6 28. Rd1 Ke7 29. Kf2 Ng4+ 30. Nxg4 hxg4 31. Bc4 Be5 32. Rh1 Bd4+ 33. Kf1 Kf6 34. h5 gxh5 35. Rxh5 Kg6 36. Rh1 Bd5 37. Bxd5 exd5 38. Ke2 Be5 39. Rd1 c4 40. Rxd5 cxb3 41. Kd3 Bxg3 42. Ra5 f4 43. Rxa6+ Kf5 44. Rb6 Bf2 45. Rb5+ Ke6 46. Rxb4 f3 47. Rxg4 b2 48. Kc2 fxg2 49. Rxg2 Bd4 50. Rd2 Kd5 51. a5 Kc5 52. Rxd4 1-0

[Event "Catalunya-chT"]
[Site "Barcelona"]
[Date "2011.01.29"]
[Round "1"]
[White "Armengol Comas, Joaquim"]
[Black "Garzon Sanchez, Jose Manuel"]
[Result "1-0"]
[WhiteElo "2207"]
[BlackElo "2178"]
[PlyCount "91"]
[EventDate "2011.01.29"]
[EventType "team-tourn"]
[EventRounds "11"]
[EventCountry "ESP"]
[SourceTitle "EXT 2012"]
[Source "ChessBase"]
[SourceDate "2011.11.24"]
[SourceVersion "1"]
[SourceVersionDate "2011.11.24"]
[SourceQuality "1"]
[WhiteTeam "Terrassa"]
[BlackTeam "Ateneu Colon"]
[WhiteTeamCountry "ESP"]
[BlackTeamCountry "ESP"]

1. e4 e6 2. d3 c5 3. Nf3 Nc6 4. g3 g6 5. Bg5 Qb6 6. Nbd2 d6 7. Nc4 Qc7 8. d4 cxd4 9. Nxd4 a6 10. Nxc6 Qxc6 11. Qd4 f6 12. Be3 e5 13. Qd3 Be6 14. Nb6 Rd8 15. Nd5 Bxd5 16. exd5 Qd7 17. h4 Bg7 18. h5 f5 19. hxg6 hxg6 20. Rxh8 Bxh8 21. 0-0-0 Rc8 22. Qb3 Nf6 23. f3 Bg7 24. Be2 Kf7 25. Rh1 b5 26. Kb1 Qb7 27. c4 Rb8 28. Rc1 e4 29. cxb5 exf3 30. Bxf3 Qxb5 31. Rc7+ Kf8 32. Qxb5 Rxb5 33. Bd4 Ne8 34. Bxg7+ Nxg7 35. Rc6 Ke7 36. Rxa6 Rc5 37. Rc6 g5 38. g4 fxg4 39. Rxc5 gxf3 40. Rc1 g4 41. Kc2 g3 42. Kd3 Nf5 43. Ke4 f2 44. Kf3 Nd4+ 45. Kg2 Ne2 46. Rc4 1-0

[Event "Catalunya-chT Honor"]
[Site "Catalunya"]
[Date "2009.03.01"]
[Round "5"]
[White "Llaneza Vega, Patricia"]
[Black "Armengol Comas, Joaquim"]
[Result "1-0"]
[WhiteElo "2250"]
[BlackElo "2228"]
[PlyCount "69"]
[EventDate "2009.02.01"]
[EventType "team-tourn"]
[EventRounds "9"]
[EventCountry "ESP"]
[SourceTitle "EXT 2019"]
[Source "ChessBase"]
[SourceDate "2018.10.10"]
[SourceVersion "1"]
[SourceVersionDate "2018.10.10"]
[SourceQuality "1"]
[WhiteTeam "Foment Martinenc"]
[BlackTeam "Terrassa"]
[WhiteTeamCountry "ESP"]
[BlackTeamCountry "ESP"]

1. e4 c5 2. Nf3 Nc6 3. Nc3 e6 4. d4 cxd4 5. Nxd4 Nf6 6. Nxc6 bxc6 7. e5 Nd5 8. Ne4 Qc7 9. f4 c5 10. c4 Nb6 11. Bd3 Bb7 12. b3 d5 13. exd6 Bxd6 14. 0-0 0-0-0 15. Qe2 Rhe8 16. a4 f5 17. Nc3 a6 18. Kh1 g5 19. b4 Nd7 20. b5 a5 21. b6 Qc6 22. Nb5 Bb8 23. Na7+ Bxa7 24. bxa7 gxf4 25. Rf2 Nf6 26. Bxf4 Rg8 27. Rb1 Rxd3 28. a8Q+ Bxa8 29. Rb8+ Kd7 30. Qxd3+ Ke7 31. Rxg8 Nxg8 32. Rd2 Nf6 33. Bg5 Qc7 34. Qc3 e5 35. Qh3 1-0

[Event "Catalunya-chT Honor"]
[Site "Catalunya"]
[Date "2008.02.03"]
[Round "2"]
[White "Gomez Jurado, Luis Alberto"]
[Black "Armengol Comas, Joaquim"]
[Result "1-0"]
[WhiteElo "2293"]
[BlackElo "2247"]
[PlyCount "82"]
[EventDate "2008.01.27"]
[EventType "team-tourn"]
[EventRounds "9"]
[EventCountry "ESP"]
[SourceTitle "EXT 2019"]
[Source "ChessBase"]
[SourceDate "2018.10.10"]
[SourceVersion "1"]
[SourceVersionDate "2018.10.10"]
[SourceQuality "1"]

1. d4 Nf6 2. Nf3 e6 3. c4 Bb4+ 4. Nbd2 c5 5. e3 0-0 6. Bd3 Nc6 7. 0-0 d5 8. a3 Bxd2 9. Qxd2 cxd4 10. exd4 dxc4 11. Bxc4 b6 12. Qd3 h6 13. Bf4 Bb7 14. Rfe1 Na5 15. Ba2 Bd5 16. b4 Bxa2 17. Rxa2 Nc6 18. Rc2 Qd5 19. Rec1 Ne7 20. Rc7 Ng6 21. Bg3 Rfd8 22. Qa6 Rd7 23. h3 Ne8 24. Rc8 Rxc8 25. Rxc8 Kf8 26. b5 f6 27. Qa4 Ne7 28. Rb8 Kf7 29. Qb4 Nf5 30. a4 Ned6 31. Bf4 g5 32. Bd2 Qc4 33. g4 Qc7 34. Rh8 Kg7 35. gxf5 Kxh8 36. fxe6 Re7 37. d5 Qc5 38. Bc3 Kg7 39. Nd4 Kg6 40. Nc6 Re8 41. Qxc5 bxc5 1-0